Elle t'a tué-Alonzo-Paroles - Statistiques

Statistiques générales
  • Ce quiz a été pris 46 fois
  • Le résultat moyen est 288 sur 391
Statistiques - réponses
Paroles % Correct
elle
100%
Elle
100%
t'a
100%
Ta
100%
ta
100%
Tu
100%
tu
100%
a
97%
à
97%
ne
97%
tué
97%
là,
94%
la
94%
le-ma
94%
plus
94%
Plus
94%
de
91%
te
91%
vie
91%
fragile
88%
marre,
88%
si
88%
tes
88%
t'es
88%
T'es
88%
deviens
85%
en
85%
ton
82%
tout
82%
tout,
82%
wAllah
82%
as
79%
ca
79%
couilles
79%
couilles,
79%
le
79%
portes
79%
Portes
79%
c'est
76%
C'est
76%
mère
76%
mère,
76%
pas
76%
pas,
76%
pris
76%
que
76%
Que
76%
sa
76%
un
76%
normal
73%
pourri
73%
dis
70%
dit
70%
Nique
70%
nique
70%
reste
70%
t'as
70%
T'as
70%
L'ami
67%
L'ami,
67%
ses
67%
veux
67%
au
64%
cœur
64%
dors
64%
Et
64%
frère
64%
frère,
64%
même
64%
Même
64%
mens
64%
mort
64%
parles
64%
poto
64%
soir
64%
zombie
64%
avant
61%
cauchemardes,
61%
cauchemardes
61%
mais
61%
Mais
61%
sais
61%
bientôt
58%
consulter
58%
hlel
58%
l'âme
58%
Les
58%
les
58%
niques
58%
pécho
58%
perdu
58%
Quand
58%
quand
58%
Qu'elle
58%
reviendra
58%
rien
58%
sœur
58%
va
58%
Alors
55%
autre
55%
crasseuses
55%
D'après
55%
des
55%
faux
55%
magique
55%
mimiques
55%
son
55%
Tous
55%
Twingo
55%
vite
55%
Zerma
55%
bordel
52%
coup
52%
d'boire
52%
dehors
52%
départ
52%
Elles
52%
est
52%
fric
52%
gars
52%
l'affaire
52%
mon
52%
or,
52%
plats
52%
prennent
52%
prépare
52%
qu'un
52%
repenses
52%
sourire,
52%
vois
52%
bébé
48%
Dire
48%
d'viens
48%
fait
48%
Franchement
48%
Oublie
48%
ptits
48%
sait
48%
sans
48%
T'arretes
48%
terma
48%
cochonne
45%
disait
45%
enfer
45%
état
45%
lâches
45%
mauvais
45%
paro
45%
parte
45%
Peu
45%
porterait
45%
qu'empirer
45%
qui
45%
t'aimait
45%
vous
45%
connait
42%
daronne
42%
faire
42%
gens
42%
importe
42%
j'ai
42%
Je
42%
l'avenir
42%
nerfs
42%
qu't'as
42%
rêve
42%
suis,
42%
traites
42%
trop
42%
caser
39%
cherches
39%
Combien
39%
fuit
39%
jalousaient
39%
maronnes
39%
nouveau
39%
On
39%
personne
39%
Prends
39%
soules,
39%
t'arrives
39%
t'en
39%
tort
39%
brules
36%
d'fois
36%
parceque
36%
Pourquoi
36%
Qu'est-ce
36%
t'reconnait
36%
del'
33%
l'appelles
33%
de partir
30%
t'lèves
30%
bizzarement
27%
bouffe
27%
Bouge
27%
Baléares
18%
sons
15%
t'étouffes,
15%
sourde
12%
qu'lle
3%
Aucun quiz correspondant
Distribution des résultats
% des personnes avec chaque résultat
Percentile par nombre de réponses
Votre historique - résultats
Vous n’avez pas pris ce quiz